00338pab a2200121 454500008004000000100001900040245004100059260000900100300001500109362001000124650004800134773003400182180718b1995 xxu||||| |||| 00| 0 eng d aDantwala, M.L. aGandhiji and Ruskin's Unto This Last c1995 ap.2793-795 a4 Nov aGandhi, M.K. - Criticism and interpretation aEconomic and Political Weekly